000 00315nam a22001457a 4500
008 210427b ||||| |||| 00| 0 eng d
020 _a0870448285
041 _aeng
080 _a91
082 _a91
100 _a42
101 _aGJEO
245 _aGrand Canyon Country
_cSeymour L. Fishbein
942 _2udc
_cBK
999 _c56822
_d56822